Introduction to mathematical methods (Record no. 230082)

MARC details
000 -LEADER
fixed length control field 01306nam a22002417a 4500
005 - DATE AND TIME OF LATEST TRANSACTION
control field 20250618134000.0
008 - FIXED-LENGTH DATA ELEMENTS--GENERAL INFORMATION
fixed length control field 240306b ||||| |||| 00| 0 eng d
020 ## - INTERNATIONAL STANDARD BOOK NUMBER
International Standard Book Number 9789352027194
040 ## - CATALOGING SOURCE
Transcribing agency AL
041 ## - LANGUAGE CODE
Language code of text/sound track or separate title English
082 ## - DEWEY DECIMAL CLASSIFICATION NUMBER
Classification number 510
Item number BOSI
100 ## - MAIN ENTRY--PERSONAL NAME
Personal name D Bose
100 ## - MAIN ENTRY--PERSONAL NAME
9 (RLIN) 215332
245 ## - TITLE STATEMENT
Title Introduction to mathematical methods
260 ## - PUBLICATION, DISTRIBUTION, ETC.
Place of publication, distribution, etc. Mumbai
Name of publisher, distributor, etc. Himalaya Publishing House
Date of publication, distribution, etc. 2021
300 ## - PHYSICAL DESCRIPTION
Extent 435 p.
Other physical details PB
Dimensions 21.5x14 cm.
365 ## - TRADE PRICE
Price type code 7776
Price amount ₹328.00
Currency code
Unit of pricing ₹410.00
Price note 20%
Price effective from 16-02-2024
520 ## - SUMMARY, ETC.
Summary, etc. The book on hand “An Introduction to MATHEMATICAL METHODS” is an introductory text book designed primarily for B.A., B.Com., B.B.A., M.A., M.Com., and M.B.A., Courses in Indian Universities. There are many text books on Mathematical Methods by Foreign as well as Indian Authors. However most of those books are above the standard of on average students. Hence this book is mainly written for the beginners. CONTENTS - 1. Introduction 2. Progressions 3. Trigonometric Ratios 4. Permutations and Combination 5. Binomial Theorem 6. Differential Calculus 7. Integral Calculus 8. Set Theory 9. Matrices 10. Linear Programming
650 ## - SUBJECT ADDED ENTRY--TOPICAL TERM
Topical term or geographic name entry element Statistics
9 (RLIN) 153209
650 ## - SUBJECT ADDED ENTRY--TOPICAL TERM
Topical term or geographic name entry element Differential Calculus
9 (RLIN) 153210
650 ## - SUBJECT ADDED ENTRY--TOPICAL TERM
Topical term or geographic name entry element Matrices
9 (RLIN) 153211
650 ## - SUBJECT ADDED ENTRY--TOPICAL TERM
Topical term or geographic name entry element Linear Programming
9 (RLIN) 153212
942 ## - ADDED ENTRY ELEMENTS (KOHA)
Source of classification or shelving scheme Dewey Decimal Classification
Koha item type Book
Holdings
Withdrawn status Lost status Source of classification or shelving scheme Damaged status Not for loan Collection code Home library Current library Date acquired Source of acquisition Cost, normal purchase price Total Checkouts Full call number Barcode Date last seen Cost, replacement price Price effective from Koha item type
    Dewey Decimal Classification     Statistics St Aloysius Library St Aloysius Library 02/20/2024 Biblios Book Point Surathkal Mangalore 575014 328.00   510 BOSI 077127 03/06/2024 410.00 03/06/2024 Book